మొదటి పది మూలకాలు - Statistics

General Stats
  • This quiz has been taken 2 times
  • The average score is 7 of 10
Answer Stats
చిహ్నము మూలకాలు % Correct
H ఉదజని
100%
He సౌరము
100%
C కర్బనము
100%
N నత్రజని
100%
O ఆమ్లజని
100%
Ne న్యోనము
100%
Be విదురము
50%
Li గ్రావము
0%
B టంకం
0%
F ప్లవము
0%
No matching quizzes found
Score Distribution
Percent of People with Each Score
Percentile by Number Answered
Your Score History
You have not taken this quiz